000 00441nam a2200157 4500
001 107752
003 ES-MaACL
007 t|
008 061121s1974 sp r ||||1| spa d
100 1 _aMota, Jorge.
_983820
245 1 0 _aHacia un socialismo europeo
_b: ¿falange o comunismo? /
_cJorge Mota.
250 _a2ª. ed.
260 _aBarcelona :
_bBau,
_c1974.
300 _a128 p. :
_bil. ;
_c21 cm.
852 _aES-MaACL
_jE-9970
_bR.94421
999 _c107752
_d107752